|
|
|
|
| LEADER |
00000nam a2200000 a 4500 |
| 001 |
vtls001422535 |
| 003 |
SK-MaSNL |
| 005 |
20260301202512.0 |
| 008 |
260209q1935 pl 2 000 0 pol |
| 035 |
|
|
|a SNK000377401
|
| 035 |
|
|
|a urn:nbn:sk:snk-am3hs8a
|
| 035 |
|
|
|a 3B53BF89-F2CF-47E4-8C19-7EA60D5F7123
|
| 035 |
|
|
|a urn:nbn:sk:snk-am00d7fk
|
| 040 |
|
|
|a SNK
|b slo
|c SNK
|e AACR2
|
| 041 |
0 |
|
|a pol
|
| 044 |
|
|
|a pl
|c PL
|
| 080 |
|
|
|a (04)
|2 2011
|
| 100 |
1 |
|
|a Divéky, Adrián,
|d 1880-1965
|4 aut
|9 178896
|
| 245 |
1 |
0 |
|a Dziejowe wskazania polskiej i węgierskiej racji stanu
|c Divéky Adrián
|
| 260 |
|
|
|a Warszawa
|b [vydavateľ nie je známy]
|c [1935]
|
| 300 |
|
|
|a 35 s.
|c 8°
|
| 500 |
|
|
|a Odbitka z Nr. XLVI. 1935 r. miesięcznika Nasza Przyszłość, Trybuna polskiej myśli państwowej
|
| 504 |
|
|
|a Bibliografické odkazy
|
| 650 |
0 |
7 |
|a politické dejiny
|2 SNKPH
|9 69271
|
| 650 |
0 |
7 |
|a národný záujem
|2 SNKPH
|9 90903
|
| 650 |
0 |
7 |
|a poľsko-maďarské vzťahy
|2 SNKPH
|9 584607
|
| 655 |
|
7 |
|a separáty
|2 SNKPH
|9 70334
|
| 852 |
|
|
|a Slovenská národná knižnica
|
| 958 |
|
|
|a EUIPO
|
| 958 |
|
|
|a PL
|
| 958 |
|
|
|a NB
|
| 958 |
|
|
|a OND
|
| 999 |
|
|
|c 899062
|d 900992
|
| 952 |
|
|
|a SNK
|b SNK
|y PREZ
|7 0
|p 17A0316238
|o snkSC 8891
|i snkD 386/68
|8 1
|0 0
|1 0
|4 0
|d 2001-10-17
|f 1
|l 0
|r 2025-07-09 00:00:00
|w 2026-02-24
|